书目信息 |
| 题名: |
数据结构教程
|
|
| 作者: | 李春葆 主编 | |
| 分册: | ||
| 出版信息: | 北京 清华大学出版社 2013.01 |
|
| 页数: | 372页 | |
| 开本: | 26cm | |
| 丛书名: | ||
| 单 册: | ||
| 中图分类: | TP311.12 | |
| 科图分类: | ||
| 主题词: | 数据结构--教材 , 数据结构--教材 , 数据结构--教材 , 数据结构--教材 , 数据结构--教材 | |
| 电子资源: | ||
| ISBN: | 978-7-302-25087-6 | |
| 000 | 01402nam0 2200361 450 | |
| 001 | 3137 | |
| 005 | 20161208083729.14 | |
| 005 | 20130124000000.0 | |
| 005 | 20130124000000.0 | |
| 005 | 20130124000000.0 | |
| 005 | 20130124000000.0 | |
| 005 | 20130814093205 | |
| 010 | @a978-7-302-25087-6@dCNY49.00 | |
| 100 | @a20130124d2013 em y0chiy0110 ea | |
| 101 | 0 | @achi |
| 102 | @aCN@b110000 | |
| 105 | @aak z 000yy | |
| 200 | 1 | @a数据结构教程@9shu ju jie gou jiao cheng@f李春葆主编 |
| 205 | @a4版 | |
| 210 | @a北京@c清华大学出版社@d2013.01 | |
| 215 | @a372页@c图表@d26cm | |
| 300 | @a“十二五”普通高等教育本科国家级规划教材·高等学校数据结构课程系列教材 | |
| 330 | @a本书在前3版的基础上,根据教育部新的考研大纲和大量读者来信提出的要求进行了修订。本书内容包括绪论、线性表、栈和队列、串、递归、数组和广义表、树和二叉树、图、查找、内排序、外排序和文件,还给出了6个综合实验题、实验报告格式、引用型参数的说明、顺序表和顺序栈以及顺序队列使用指针引用型参数的说明、书中部分算法清单、全国计算机专业数据结构2011年联考大纲。 | |
| 333 | @a本书适合高等院校计算机及相关专业本科生和研究生使用。 | |
| 606 | 0 | @a数据结构@j教材 |
| 606 | @a数据结构@j教材 | |
| 606 | @a数据结构@j教材 | |
| 606 | @a数据结构@j教材 | |
| 606 | @a数据结构@j教材 | |
| 690 | @aTP311.12@v4 | |
| 701 | 0 | @a李春葆@9li chun bao@4主编 |
| 801 | 0 | @aCN@b大连网信软件有限公司图书馆·11@c20161208 |
| 905 | @aZUCC@dTP311.12@e1031=4 | |
| 数据结构教程/李春葆主编.-4版.-北京:清华大学出版社,2013.01 |
| 372页:图表;26cm |
| “十二五”普通高等教育本科国家级规划教材·高等学校数据结构课程系列教材.-使用对象:本书适合高等院校计算机及相关专业本科生和研究生使用。 |
| ISBN 978-7-302-25087-6:CNY49.00 |
| 本书在前3版的基础上,根据教育部新的考研大纲和大量读者来信提出的要求进行了修订。本书内容包括绪论、线性表、栈和队列、串、递归、数组和广义表、树和二叉树、图、查找、内排序、外排序和文件,还给出了6个综合实验题、实验报告格式、引用型参数的说明、顺序表和顺序栈以及顺序队列使用指针引用型参数的说明、书中部分算法清单、全国计算机专业数据结构2011年联考大纲。 |
| ● |
| 相关链接 |
|
|
|
|
正题名:数据结构教程
索取号:TP311.12/1031=4
 
预约/预借
| 序号 | 登录号 | 条形码 | 馆藏地/架位号 | 状态 | 备注 |
| 1 | 912059 | 209120592 | 第二样本阅览室/ [索取号:TP311.12/1031=4] | 在馆 | |
| 2 | 912060 | 209120609 | 计算机科学系资料室/ [索取号:TP311.12/1031=4] | 在馆 | |
| 3 | 912061 | 209120618 | 第三借阅区/ [索取号:TP311.12/1031=4] | 在馆 |